Marketingové plánovanie a jeho vplyv na podnikovú stratégiu bakalárska práca

Salvato in:
Dettagli Bibliografici
Autore principale: Jacková, Simona
Ente Autore: Podnikovohospodárska fakulta EU so sídlom v Košiciach. Katedra manažmentu
Altri autori: Gavurová, Beáta, 1972-
Natura: Libro
Lingua:slovacco
Pubblicazione: Košice 2009
Tags: Aggiungi Tag
Nessun Tag, puoi essere il primo ad aggiungerne!!

MARC

LEADER 00000nam$a2200000$$$4500
001 0106771
005 20240318131052.0
041 0 |a slo 
044 |a SK 
245 1 0 |a Marketingové plánovanie a jeho vplyv na podnikovú stratégiu  |b bakalárska práca  |c Simona Jacková ; škol. Beáta Gavurová 
264 1 |a Košice  |c 2009 
300 |a 54 s. 
100 1 |a Jacková, Simona 
700 1 |a Gavurová, Beáta, 1972- 
710 2 |a Podnikovohospodárska fakulta EU so sídlom v Košiciach. Katedra manažmentu